| 000 | 01656nam a2200349 a 4500 | ||
|---|---|---|---|
| 001 | 000111901 | ||
| 003 | CHAP | ||
| 005 | 20220329144234.0 | ||
| 008 | 151001s2014 mx a |rs |||0|||spa d | ||
| 010 | _a108362 | ||
| 011 | _a109334 | ||
| 020 | _a9786079350024 | ||
| 040 | _cCHAP | ||
| 082 | 0 | 4 |
_a338.10972021 _bI43 |
| 245 | 0 | 0 |
_aInfografía agroalimentaria 2014 / _cpor SIAP. |
| 260 |
_aMéxico : _bSIAP, _c2014. |
||
| 300 |
_av. : _bil. |
||
| 505 | 0 | _av.1 Aguascalientes. -- v.2 Baja California. -- v.3 Baja California Sur. -- v.4 Campeche. -- v.5 Coahuila. -- v.6 Colima. -- v.7 Chiapas. -- v.8 Chihuahua. -- v.9 Distrito Federal. -- v.10 Durango. -- v.11 Guanajuato. -- v.12 Guerrero. -- v.13 Hidalgo. -- v.14 Jalisco. -- v.15 Estado de México. -- v.16 Michoacán. -- v.17 Morelos. -- v.18 Nayarit. -- v.19 Nuevo León. -- v.20 Oaxaca. -- v.21 Puebla. -- v.22 Querétaro. -- v.23 Quintana Roo. -- v.24 San Luis Potosí. -- v.25 Sinaloa. -- v.26 Sonora. -- v.27 Tabasco. -- v.28 Tamaulipas. -- v.29 Tlaxcala. -- v.30 Veracruz. -- v.31 Yucatán. -- v.32 Zacatecas | |
| 590 |
_aE6096MTM _b05 _c20151001 _lUCH01 _h1024 |
||
| 590 |
_aE6096MTM _b05 _c20151001 _lUCH01 _h1032 |
||
| 590 |
_aE6096MTM _b05 _c20151001 _lUCH01 _h1219 |
||
| 590 |
_aE6096MTM _b05 _c20151001 _lUCH01 _h1228 |
||
| 590 |
_aE6096MTM _b05 _c20151001 _lUCH01 _h1229 |
||
| 590 |
_aE6096MTM _b05 _c20151005 _lUCH01 _h1043 |
||
| 650 | 1 | 4 |
_aAgricultura _zMéxico. _91932 |
| 650 | 1 | 4 |
_aAlimentos _xRendimiento. _94277 |
| 650 | 1 | 4 |
_aGanadería _zMéxico. _944867 |
| 710 | 2 |
_aServicio de Información Agroalimentaria y Pesquera. México _9105298 |
|
| 901 | _aBK | ||
| 942 | _cLIBRO | ||
| 942 | _n0 | ||
| 999 |
_c108362 _d108362 |
||